| 000 | 00415nam a22001337a 4500 | ||
|---|---|---|---|
| 003 | OSt | ||
| 008 | 150420b xxu||||| |||| 00| 0 eng d | ||
| 100 | 1 | _aAmerican Philatelic Society | |
| 041 | _aeng | ||
| 245 | 1 | 0 | _aThe Chatham Square Post Office and Swarts City Dispatch Post |
| 246 | 1 | 0 | _aAuthentic Stamps, Reprints, Forgeries, Postmarks |
| 260 |
_aState College, Pa _bAmerican Philatelic Society |
||
| 300 | _a0 pages | ||
| 999 |
_c1288 _d1288 |
||